000 01198cam a22003014i 4500
001 12758110
003 EG-ScBUE
005 20250720105132.0
008 020427s2002 enka f b 001 0 eng d
020 _a0521810086 (hc.)
020 _a9780521810081
040 _aEG-ScBUE
_beng
_erda
_cEG-ScBUE
_dEG-ScBUE
082 0 4 _a541.226
_222
_bROW
100 1 _aRowlinson, J. S.
_q(John Shipley),
_d1926-
_96978
_eauthor.
245 1 0 _aCohesion :
_ba scientific history of intermolecular forces /
_cJ. S. Rowlinson.
264 1 _aCambridge :
_bCambridge University Press,
_c2002.
300 _aviii, 333 pages :
_billustrations ;
_c26 cm
336 _2rdacontent
_atext
_btxt
337 _aunmediated
_2rdamedia
_bn
338 _avolume
_bnc
_2rdacarrier
504 _aIncludes bibliographical references and index.
650 7 _aCohesion.
_96979
_2BUEsh
655 _vReading book
856 4 1 _3Table of contents
_uhttp://www.loc.gov/catdir/toc/cam031/2002070878.html
856 4 2 _3Publisher description
_uhttp://www.loc.gov/catdir/description/cam022/2002070878.html
856 4 2 _3Contributor biographical information
_uhttp://www.loc.gov/catdir/enhancements/fy0731/2002070878-b.html
942 _2ddc
_cBB
999 _c12043
_d12043